=LDR 00000nam 2200000 4500 =001 INLIS000000001052742 =005 20240924083131 =035 ##$$a 0010-0924000281 =007 ta =008 240924################b##########j#ind## =020 ##$$a 978-602-242-185-6 =082 ##$$a 028.55 =084 ##$$a 028.55 HEL g =100 #$$a Helda Fera Puspita =245 1#$$a Glitters the girlsband /$c Helda Fera Puspita =250 ##$$a Cet. 1 =260 ##$$a Bandung :$b DAR! Mizan,$c 2013 =300 ##$$a 23 hlm. : $b ilus. ; $c 21 cm =650 #4$$a Bacaan Kanak-Kanak =990 ##$$a 21512151